George Eliot
Bewaard in:
| Hoofdauteur: | |
|---|---|
| Formaat: | Boek |
| Taal: | Engels |
| Gepubliceerd in: |
Londres
The British Council
1951
|
| Reeks: | British Book news Series
|
| Onderwerpen: | |
| Tags: |
Voeg label toe
Geen labels, Wees de eerste die dit record labelt!
|
MARC
| LEADER | 00000nam a2200000 a 4500 | ||
|---|---|---|---|
| 001 | UCZ2822 | ||
| 003 | CL-VaPUC | ||
| 008 | 951013e19510000UK |||||||||||||||||eng|d | ||
| 082 | 0 | 4 | |a 823.09 |b COO |2 21 |
| 100 | 0 | |a Cooper, Lettice |e author |9 346595 | |
| 245 | 1 | 0 | |a George Eliot |
| 300 | |a 46 p | ||
| 942 | |c BK | ||
| 945 | |d 19951013 00:00:00 |a rbrito | ||
| 260 | |a Londres |b The British Council |c 1951 | ||
| 600 | 0 | |a Eliot, George |d 1819-1880 |9 346596 | |
| 650 | 7 | |a NOVELA INGLESA |2 CL-VaPUC |9 309260 | |
| 650 | 0 | |a Crítica e interpretación |9 255042 | |
| 583 | |a last modification |c 19951013 00:00:00 |k Rodrigo Vera | ||
| 490 | 0 | |a British Book news Series | |
| 999 | |c 239373 |d 239371 | ||
| 952 | |0 0 |1 0 |4 0 |6 823_090000000000000_COO_1951 |7 0 |8 A |9 250459 |a BIBEDU |b BIBEDU |d 2019-11-18 |i 3138143 |o 823.09 COO 1951 |p 3138143 |r 2019-11-18 |w 2019-11-18 |y BK |k LIT | ||